00603nam a2200193Ia 4500003000900000008004100009020002200050040001600072080001300088100002000101245012300121260003200244300001600276650002400292650002600316650002300342700002000365700002400385IN-BaIIA211028s9999 xx 000 0 eng d a978-1-138-58162-3 cIIA Library a658bBAD aBadiru, Adedeji 0aIndustrial project managementbconcept.s, tools, and techniquescAdedeji Badiru, Abidemi Badiru and Adetokunboh Badiru aBoca RatonbCRC Pressc2018 axiii, 306p. aIndustrial concepts aIndustrial techniques aProject management aBadiru, Abidemi aBadiru, Adetokunboh